<?xml version="1.0" encoding="UTF-8"?>
<collection xmlns="http://www.loc.gov/MARC21/slim">
    <record>
        <controlfield tag="001">64490</controlfield>
        <controlfield tag="005">20190709135441.0</controlfield>
        <datafield tag="024" ind1="7" ind2=" ">
            <subfield code="2">doi</subfield>
            <subfield code="a">10.1016/j.amc.2017.01.031</subfield>
        </datafield>
        <datafield tag="024" ind1="8" ind2=" ">
            <subfield code="2">sideral</subfield>
            <subfield code="a">98119</subfield>
        </datafield>
        <datafield tag="037" ind1=" " ind2=" ">
            <subfield code="a">ART-2017-98119</subfield>
        </datafield>
        <datafield tag="041" ind1=" " ind2=" ">
            <subfield code="a">eng</subfield>
        </datafield>
        <datafield tag="100" ind1=" " ind2=" ">
            <subfield code="0">(orcid)0000-0003-2156-9856</subfield>
            <subfield code="a">Delgado, J.</subfield>
            <subfield code="u">Universidad de Zaragoza</subfield>
        </datafield>
        <datafield tag="245" ind1=" " ind2=" ">
            <subfield code="a">Accurate computations with Lupas matrices</subfield>
        </datafield>
        <datafield tag="260" ind1=" " ind2=" ">
            <subfield code="c">2017</subfield>
        </datafield>
        <datafield tag="506" ind1="0" ind2=" ">
            <subfield code="a">Access copy available to the general public</subfield>
            <subfield code="f">Unrestricted</subfield>
        </datafield>
        <datafield tag="520" ind1="3" ind2=" ">
            <subfield code="a">Lupas q-analogues of the Bernstein functions play an important role in Approximation Theory and Computer Aided Geometric Design. Their collocation matrices are called Lupas matrices. In this paper, we provide algorithms for computing the bidiagonal decomposition of these matrices and their inverses to high relative accuracy. It is also shown that these algorithms can be used to perform to high relative accuracy several algebraic calculations with these matrices, such as the calculation of their inverses, their eigenvalues or their singular values. Numerical experiments are included.</subfield>
        </datafield>
        <datafield tag="536" ind1=" " ind2=" ">
            <subfield code="9">info:eu-repo/grantAgreement/ES/MICINN/MTM2015-65433-P</subfield>
        </datafield>
        <datafield tag="540" ind1=" " ind2=" ">
            <subfield code="9">info:eu-repo/semantics/openAccess</subfield>
            <subfield code="a">by-nc-nd</subfield>
            <subfield code="u">http://creativecommons.org/licenses/by-nc-nd/3.0/es/</subfield>
        </datafield>
        <datafield tag="590" ind1=" " ind2=" ">
            <subfield code="a">2.3</subfield>
            <subfield code="b">2017</subfield>
        </datafield>
        <datafield tag="591" ind1=" " ind2=" ">
            <subfield code="a">MATHEMATICS, APPLIED</subfield>
            <subfield code="b">21 / 252 = 0.083</subfield>
            <subfield code="c">2017</subfield>
            <subfield code="d">Q1</subfield>
            <subfield code="e">T1</subfield>
        </datafield>
        <datafield tag="592" ind1=" " ind2=" ">
            <subfield code="a">1.065</subfield>
            <subfield code="b">2017</subfield>
        </datafield>
        <datafield tag="593" ind1=" " ind2=" ">
            <subfield code="a">Computational Mathematics</subfield>
            <subfield code="c">2017</subfield>
            <subfield code="d">Q1</subfield>
        </datafield>
        <datafield tag="593" ind1=" " ind2=" ">
            <subfield code="a">Applied Mathematics</subfield>
            <subfield code="c">2017</subfield>
            <subfield code="d">Q1</subfield>
        </datafield>
        <datafield tag="655" ind1=" " ind2="4">
            <subfield code="a">info:eu-repo/semantics/article</subfield>
            <subfield code="v">info:eu-repo/semantics/submittedVersion</subfield>
        </datafield>
        <datafield tag="700" ind1=" " ind2=" ">
            <subfield code="0">(orcid)0000-0002-1340-0666</subfield>
            <subfield code="a">Peña, J. M.</subfield>
            <subfield code="u">Universidad de Zaragoza</subfield>
        </datafield>
        <datafield tag="710" ind1="2" ind2=" ">
            <subfield code="1">2005</subfield>
            <subfield code="2">595</subfield>
            <subfield code="a">Universidad de Zaragoza</subfield>
            <subfield code="b">Dpto. Matemática Aplicada</subfield>
            <subfield code="c">Área Matemática Aplicada</subfield>
        </datafield>
        <datafield tag="773" ind1=" " ind2=" ">
            <subfield code="g">303 (2017), 171-177</subfield>
            <subfield code="p">Appl. math. comput.</subfield>
            <subfield code="t">Applied Mathematics and Computation</subfield>
            <subfield code="x">0096-3003</subfield>
        </datafield>
        <datafield tag="856" ind1="4" ind2=" ">
            <subfield code="s">102497</subfield>
            <subfield code="u">http://zaguan.unizar.es/record/64490/files/texto_completo.pdf</subfield>
            <subfield code="y">Preprint</subfield>
        </datafield>
        <datafield tag="856" ind1="4" ind2=" ">
            <subfield code="s">68895</subfield>
            <subfield code="u">http://zaguan.unizar.es/record/64490/files/texto_completo.jpg?subformat=icon</subfield>
            <subfield code="x">icon</subfield>
            <subfield code="y">Preprint</subfield>
        </datafield>
        <datafield tag="909" ind1="C" ind2="O">
            <subfield code="o">oai:zaguan.unizar.es:64490</subfield>
            <subfield code="p">articulos</subfield>
            <subfield code="p">driver</subfield>
        </datafield>
        <datafield tag="951" ind1=" " ind2=" ">
            <subfield code="a">2019-07-09-11:36:18</subfield>
        </datafield>
        <datafield tag="980" ind1=" " ind2=" ">
            <subfield code="a">ARTICLE</subfield>
        </datafield>
    </record>

    
</collection>